00273nam a2200097Ia 4500008004000000082001300040100000600053245007400059260003400133300000800167210210b1988 xxu||||| |||| 00| 0 eng d a827 LAUG a- aLaughing together stories riddles & proverbs from Asia & the Pacific. aNDbNational Book Trustc1988 a176